| Tag |
First Indicator |
Second Indicator |
Subfields |
| LEADER |
00000cam a2200000 a 4500 |
| 001 |
in00004508313 |
| 005 |
20191204153400.0 |
| 008 |
070314s2001 ii a 001 0 eng c |
| 020 |
|
|
|a 8185860696 (pbk.)
|
| 020 |
|
|
|a 9788185860695 (pbk.)
|
| 035 |
|
|
|a (OCoLC)ocn166209825
|
| 035 |
|
|
|a (OCoLC)166209825
|
| 035 |
|
|
|z (UtOrBLW)47728
|
| 035 |
|
|
|a 68210
|
| 040 |
|
|
|a COO
|c COO
|d TMV
|d UtOrBLW
|
| 042 |
|
|
|a pcc
|
| 043 |
|
|
|a a-ii---
|a a------
|
| 049 |
|
|
|a TMVM
|c 1
|
| 050 |
|
4 |
|a SF769
|b .C43 2001
|
| 060 |
|
4 |
|a SF 769
|b C496p 2001
|
| 100 |
1 |
|
|a Chauhan, H. V. S.
|
| 245 |
1 |
0 |
|a Pathology of infectious diseases of domestic animals :
|b special veterinary pathology /
|c H.V.S. Chauhan.
|
| 250 |
|
|
|a First edition.
|
| 264 |
|
2 |
|a Lucknow, India :
|b International Book Distributing Co.,
|c 2001.
|
| 300 |
|
|
|a 260 pages :
|b illustrations ;
|c 25 cm.
|
| 336 |
|
|
|a text
|2 rdacontent
|b txt
|
| 337 |
|
|
|a unmediated
|2 rdamedia
|
| 338 |
|
|
|a volume
|2 rdacarrier
|b nc
|
| 500 |
|
|
|a Includes index.
|
| 505 |
0 |
|
|a Viral diseases -- Pox virus infections -- Paramyxovirus infections -- Pest virus infections -- Diseases caused by coronavirus infections -- Diseases caused by retroviruses -- Papova virus infections -- Parvovirus infections -- Influenza viruses infections -- Herpes viral infections -- Diseases caused by subviral agents -- Bacterial diseases -- Diseases caused by corynebacterium species -- Diseases caused by mycoplasma -- Mastitis -- Abortion -- Diseases caused by fungi -- Parasitic pathology -- Biopsy
|
| 650 |
|
0 |
|a Veterinary pathology.
|
| 650 |
|
0 |
|a Communicable diseases in animals
|z India.
|
| 650 |
|
0 |
|a Communicable diseases in animals
|z Asia.
|
| 650 |
|
2 |
|a Pathology, Veterinary.
|
| 650 |
|
2 |
|a Communicable Diseases
|x veterinary.
|
| 651 |
|
2 |
|a India.
|
| 999 |
|
|
|a MARS
|
| 999 |
f |
f |
|s b22fe748-5585-3aaa-be38-91faeb46daca
|i da1a8d0b-2ed9-324f-8645-43105009124d
|t 0
|
| 952 |
f |
f |
|p preservation
|a Texas A&M University
|b J.J. Pickle Campus
|c High Density Repository
|d Remote Storage
|t 0
|e SF 769 C496p 2001
|h National Library of Medicine classification
|i unmediated -- volume
|m 323890177486F
|
| 998 |
f |
f |
|a SF 769 C496p 2001
|t 0
|l Remote Storage
|